Podvojné účtovníctvo pre podnikateľov

Guardado en:
Detalles Bibliográficos
Autor principal: Šlosár, Rudolf
Otros Autores: Šlosárová, Anna
Formato: Libro
Lenguaje:eslovaco
Publicado: Bratislava IURA EDITION 2005
Colección:Ekonómia
Materias:
Etiquetas: Agregar Etiqueta
Sin Etiquetas, Sea el primero en etiquetar este registro!

MARC

LEADER 00000nam$a2200000$$$4500
001 0027295
005 20240502071428.5
020 |a 80-8078-043-9 
041 0 |a slo 
044 |a SK 
245 1 0 |a Podvojné účtovníctvo pre podnikateľov  |c Rudolf Šlosár, Anna Šlosárová 
264 1 |a Bratislava  |b IURA EDITION  |c 2005 
300 |a 199 s. 
490 1 |a Ekonómia 
830 0 |a Ekonómia 
610 2 0 |a účtovníctvo podvojné 
610 2 0 |a podnikatelia 
610 2 0 |a majetok 
610 2 0 |a súvaha 
610 2 0 |a zisk 
610 2 0 |a strata 
610 2 0 |a účty 
610 2 0 |a dokumentácia účtovná 
610 2 0 |a oceňovanie 
610 2 0 |a účtovanie 
610 2 0 |a prípady účtovné 
610 2 0 |a vzťahy zúčtovacie 
610 2 0 |a imanie vlastné 
610 2 0 |a náklady 
610 2 0 |a výnosy 
610 2 0 |a výsledok hospodársky 
610 2 0 |a závierka účtovná 
610 2 0 |a uzávierka účtovná 
610 2 0 |a jednotka účtovná 
100 1 |a Šlosár, Rudolf 
700 1 |a Šlosárová, Anna